NHL Captains 2026 - Statistics

General Stats
  • This quiz has been taken 420 times
    87 since last reset
  • The average score is 22 of 32
Answer Stats
Status Team Status 2026 Captain % Correct
P Edmonton Oilers T Connor McDavid
92%
P Pittsburgh Penguins T Sidney Crosby
90%
P Montreal Canadiens P Nick Suzuki
86%
P Washington Capitals UFA Alexander Ovechkin
84%
P Ottawa Senators T Brady Tkachuk
84%
P Buffalo Sabres P Rasmus Dahlin
84%
P Toronto Maple Leafs T Auston Matthews
82%
P New Jersey Devils T Nico Hischier
80%
P Anaheim Ducks UFA Radko Gudas
80%
P Colorado Avalanche P Gabriel Landeskog
78%
P Dallas Stars UFA Jamie Benn
78%
P Carolina Hurricanes P Jordan Staal
76%
P Florida Panthers P Aleksander Barkov
75%
P Vegas Golden Knights P Mark Stone
75%
P Nashville Predators P Roman Josi
75%
P Detroit Red Wings T Dylan Larkin
73%
P Tampa Bay Lightning P Victor Hedman
71%
P New York Islanders UFA Anders Lee
67%
P Utah Mammoth P Clayton Keller
61%
P New York Rangers P J.T. Miller
61%
P Columbus Blue Jackets UFA Boone Jenner
57%
P Seattle Kraken P Jordan Eberle
57%
P Philadelphia Flyers P Sean Couturier
57%
P Minnesota Wild P Jared Spurgeon
55%
P Calgary Flames P Mikael Backlund
55%
V Boston Bruins V Vacant
55%
V Chicago Blackhawks V Vacant
55%
V Los Angeles Kings V Vacant
55%
V San Jose Sharks V Vacant
55%
V St Louis Blues V Vacant
55%
V Vancouver Canucks V Vacant
55%
P Winnipeg Jets P Adam Lowry
47%
No matching quizzes found
Score Distribution
Percent of People with Each Score
Percentile by Number Answered
Your Score History
You have not taken this quiz since the last reset